00910nam a2200181Ia 4500003000400000005001700004008004100021040002100062041000800083082002800091111008100119245006300200260006300263300002900326505021600355650007600571650008100647OSt20200811154557.0191128s1989 c fr 100 0 s d aCO-JMCRcCO-JMCR0 aspa04a343.861032 /bS471s2232 aSeminario sobre el Régimen de Cambios Internacionalesd(1989 : cBogotá)10aSeminario sobre el régimen de cambios internacionales /  aBogotá : bSuperintedencia de Control de Cambios, c1989 a199 páginas ; c23 cm.0 aInstalación de seminario de cambios internacionales celebrado en Bogotá D.E. den 2 al 6 de octubre 1989 -- Antecedentes y estructura general del estatuto cambiario -- Procedimiento "Negociación de divisas"14aCambio exteriorxlegislaciónvcongresos, conferencias, etc.zColombia14aPolítica comercialvcongresos, conferencias, etc.xlegislaciónzColombia